Introduction to dynamic meteorology./ (Record no. 263)

000 -LEADER
fixed length control field 00634nam a2200217 i 4500
001 - CONTROL NUMBER
control field 263
003 - CONTROL NUMBER IDENTIFIER
control field BD-DhUET
008 - FIXED-LENGTH DATA ELEMENTS--GENERAL INFORMATION
fixed length control field 140719b xxu||||| |||| 00| 0 eng d
020 ## - INTERNATIONAL STANDARD BOOK NUMBER
International Standard Book Number 9780123848666
040 ## - CATALOGING SOURCE
Original cataloging agency DLC
Language of cataloging eng
Transcribing agency DLC
Modifying agency BD-DhUET
082 00 - DEWEY DECIMAL CLASSIFICATION NUMBER
Classification number 551.5
Item number HOL/2013
100 1# - MAIN ENTRY--PERSONAL NAME
Personal name Holton, James R.
245 13 - TITLE STATEMENT
Title Introduction to dynamic meteorology./
Statement of responsibility, etc. by James R. Holton, Gregory J., Hakim,
250 ## - EDITION STATEMENT
Edition statement 5th ed.
260 ## - PUBLICATION, DISTRIBUTION, ETC. (IMPRINT)
Place of publication, distribution, etc. Amsterdam:
Name of publisher, distributor, etc. Academic Press,
Date of publication, distribution, etc. 2013.
300 ## - PHYSICAL DESCRIPTION
Extent xvi, 532 pages :
Other physical details illustrations ;
Dimensions 24 cm.
504 ## - BIBLIOGRAPHY, ETC. NOTE
Bibliography, etc Includes bibliographies
650 #0 - SUBJECT ADDED ENTRY--TOPICAL TERM
Topical term or geographic name as entry element Dynamic meteorology.
700 1# - ADDED ENTRY--PERSONAL NAME
Personal name Hakim, Gregory J.
942 ## - ADDED ENTRY ELEMENTS (KOHA)
Koha item type General Book
Holdings
Copy number Shelving location Koha date last seen Koha issues (times borrowed) Sublocation or collection (holding branch) Price effective from Not for loan Lost status Date acquired Source of classification or shelving scheme Koha full call number Location (home branch) Koha item type Koha normalized classification for sorting Damaged status Koha date last borrowed Withdrawn status Piece designation (barcode)
1Circulation section2024-02-051Central Library, BUET2014-07-19  2014-07-19 551.5/HOL/2013Central Library, BUETGeneral Book551_000000000000000_5HOL2013 2023-01-08 111440
2Circulation section2014-07-19 Central Library, BUET2014-07-19  2014-07-19 551.5/HOL/2013Central Library, BUETGeneral Book551_000000000000000_5HOL2013   111441